000 00499nam a2200181Ia 4500
005 20250508150148.0
008 008 250505s9999 xx 000 0 eng d
037 _aTextual
040 _aFEDL
_beng
_cFEDL
041 _aeng
_2eng
084 _a920, TAN
_qFEDL
100 _aTondon Premnarayan
_9676780
245 0 _aSahityako ke sansmaran
260 _aAllahabad, India
_bPrayag Publishing House
_c1943
300 _a219p.
942 _cTEXL
_h920, TAN
999 _c1322113
_d1322113